000 00746nam a2200181 i 4500
001 30669
003 ES-MaACL
005 20230906154232.0
007 t|
008 030127s1935 sp ||||1| spa d
100 1 _aBatardon, Léon.
_926406
245 1 0 _aTratado práctico de sociedades mercantiles desde el punto de vista contalbe jurídico y fiscal /
_cpor León Batardon ; traducción de la sexta edición francesa adaptada a la legislación y práctica mercantil españolas por Agustín Vicente Gella.
260 _aBarcelona :
_b[s.n.,
_c1935] (
_fTalls. Gráfs. Iberoamericanos)
300 _aXX, 564 p. ;
_c23 cm.
650 4 _aSociedades.
_9136884
700 0 _aVicente y Gella, Agustín.
_9114376
852 _aES-MaACL
_jA-5099
_bR.18082
999 _c30669
_d30669